Mitti da Maan / (Record no. 525862)

000 -LEADER
fixed length control field 00481nam a22001817a 4500
003 - CONTROL NUMBER IDENTIFIER
control field NUST
005 - DATE AND TIME OF LATEST TRANSACTION
control field 20190705062039.0
038 ## - RECORD CONTENT LICENSOR
Staff Name Faiza
082 ## - DEWEY DECIMAL CLASSIFICATION NUMBER
Classification number 891.421
Author Mark SID
100 ## - MAIN ENTRY--PERSONAL NAME
Personal name Siddique, Tarab Ahmad
9 (RLIN) 16808
245 ## - TITLE STATEMENT
Title Mitti da Maan /
Statement of responsibility, etc. Tarab Ahmad Siddique
260 ## - PUBLICATION, DISTRIBUTION, ETC.
Place of publication, distribution, etc. Rawalpindi:
Name of publisher, distributor, etc. Gandhara Books,
Date of publication, distribution, etc. 1989.
300 ## - PHYSICAL DESCRIPTION
Extent 96p. ;
500 ## - GENERAL NOTE
General note Hard Cover
880 ## - ALTERNATE GRAPHIC REPRESENTATION
Linkage 100-01\r
Title طراب احمد صدیقی
880 ## - ALTERNATE GRAPHIC REPRESENTATION
Linkage 245-02\r
Title /مٹی دا مان
942 ## - ADDED ENTRY ELEMENTS (KOHA)
Source of classification or shelving scheme
Koha item type Book
Holdings
Withdrawn status Lost status Source of classification or shelving scheme Damaged status Not for loan Permanent Location Current Location Date acquired Total Checkouts Full call number Barcode Date last seen Price effective from Koha item type
          Central Library (CL) Central Library (CL) 07/05/2019   891.421 SID CL-E-1530 07/05/2019 07/05/2019 Book
© 2023 Central Library, National University of Sciences and Technology. All Rights Reserved.